000
00383nam a2200133Ia 4500
008
151001s9999||||xx |||||||||||||| ||und||
100
_a
आलोक सिंह
245
_a
सामाजिक दुरीतीया दोषी
250
_a
1
260
_b
एस के जी पब्लिशर्स
260
_c
2010
300
_a
82
365
_b
21
999
_c
995686
_d
995683